| 000 | 00750nam a2200241 a 4500 | ||
|---|---|---|---|
| 001 | 000007360 | ||
| 005 | 20200929154137.0 | ||
| 008 | 090908s1997 dr a 001 0 spa d | ||
| 020 | _a8484001911 | ||
| 040 | _aDO-SdBNP | ||
| 082 |
_a621.56 _bM843r |
||
| 100 | 1 |
_aMoreno San Juan, José Luis _92397 |
|
| 245 | 1 | 0 |
_aNociones de refrigeración y temas afines / _cJosé Luis Moreno San Juan. |
| 260 |
_aSanto Domingo, : _bTaller, _c1997. |
||
| 300 |
_a391 p. : _bil ; _c27 cm. |
||
| 500 | _aIncluye datos biográficos | ||
| 504 | _aIncluye referencias bibliográficas [391] | ||
| 650 | 4 |
_aRefrigeración _920474 |
|
| 650 | 4 |
_aAire acondicionado _920475 |
|
| 650 | 4 |
_aFrigorificos _920476 |
|
| 650 | 4 |
_aAlmacenamiento en frio _920477 |
|
| 049 | _aBNPD | ||
| 999 |
_c7141 _d7141 |
||